| 000 | 01165nam0a22002891 4500 | ||
|---|---|---|---|
| 001 | rc\433943 | ||
| 005 | 20260406152218.0 | ||
| 035 | _a(NLR Aleph) 005680504 | ||
| 090 |
_a7069755 _c7069755 |
||
| 100 | _a20030616d1988 u y0rusy50 ca | ||
| 101 | 0 | _arus | |
| 102 | _aRU | ||
| 105 | _aa ||||||||| | ||
| 200 | 1 |
_aИзумруд _e[Повесть и рассказы _eДля сред. и ст. возраста _fАвт. вступ. ст. В.И. Этов _gХудож. А. Ганнушкин] |
|
| 210 |
_aМ. _cДет. лит. _d1988 |
||
| 215 |
_a158 с. _cил. _d21 |
||
| 225 | 1 | _aШкольная библиотека | |
| 327 | 1 | _aСодерж.: Олеся; Изумруд; Гранатовый браслет | |
| 464 | 0 |
_12001#$aОлеся _tОлеся |
|
| 464 | 0 |
_12001#$aИзумруд _tИзумруд |
|
| 464 | 0 |
_12001#$aГранатовый браслет _tГранатовый браслет |
|
| 700 | 1 |
_7ca _8rus _aКуприн _bА. И. _cписатель _f1870-1938 _gАлександр Иванович _9115725 _3RU\NLR\AUTH\775766 |
|
| 801 | 0 |
_aRU _bNLR _gpsbo |
|
| 801 | 1 |
_aRU _bELAR _2rusmarc |
|
| 852 |
_aNLR _j88-3/14663 |
||
| 942 | _cBOOK | ||
| 980 | _aNB | ||